|
|
|
|
| LEADER |
00000nam0a2200000 4500 |
| 001 |
99957 |
| 005 |
20231031112001.0 |
| 035 |
|
|
|a (RuTPU)RU\TPU\book\107498
|
| 090 |
|
|
|a 99957
|
| 100 |
|
|
|a 20060801d1980 m y0rusy50 ca
|
| 101 |
0 |
|
|a rus
|
| 102 |
|
|
|a UA
|
| 105 |
|
|
|a a z 000zy
|
| 200 |
1 |
|
|a Интересно об оптике
|f А. М. Борбат
|
| 210 |
|
|
|a Киев
|c Вища школа
|d 1980
|
| 215 |
|
|
|a 96 с.
|c ил.
|
| 225 |
1 |
|
|a Библиотечка физико-математической школы. Физика
|
| 610 |
1 |
|
|a физика
|
| 610 |
1 |
|
|a оптика
|
| 610 |
1 |
|
|a лучевая оптика
|
| 610 |
1 |
|
|a волновая оптика
|
| 610 |
1 |
|
|a фотонное излучение
|
| 675 |
|
|
|a 535(075.3)
|v 3
|
| 700 |
|
1 |
|a Борбат
|b А. М.
|g Алексей Маркович
|
| 801 |
|
1 |
|a RU
|b 63413507
|c 20060801
|g PSBO
|
| 801 |
|
2 |
|a RU
|b 63413507
|c 20070122
|g PSBO
|
| 942 |
|
|
|c BK
|